|
|
|
|
| LEADER |
01839cam a2200505 a 4500 |
| 001 |
nkc20122433196 |
| 003 |
CZ PrNK |
| 005 |
20140207101353.0 |
| 007 |
ta |
| 008 |
121210s2012 xr c e 000 0dcze d |
| 015 |
|
|
|a cnb002433196
|
| 020 |
|
|
|a 978-80-7475-104-2
|q (váz.)
|
| 035 |
|
|
|a (OCoLC)837502451
|
| 040 |
|
|
|a KLG001
|b cze
|d ABA001
|
| 043 |
|
|
|a e-xr---
|
| 045 |
|
|
|a x-y-
|
| 072 |
|
7 |
|a 61
|x Lékařské vědy. Lékařství
|2 Konspekt
|9 14
|
| 080 |
|
|
|a 61-051
|2 MRF
|
| 080 |
|
|
|a 616-092.11
|2 MRF
|
| 080 |
|
|
|a 614.2
|2 MRF
|
| 080 |
|
|
|a 613
|2 MRF
|
| 080 |
|
|
|a (437.3)
|2 MRF
|
| 080 |
|
|
|a (047.53)
|2 MRF
|
| 100 |
1 |
|
|a Žantovská, Irena,
|d 1963-
|7 js20011212020
|4 aut
|4 ivr
|
| 245 |
1 |
0 |
|a Hovory o zdraví :
|b --s jedenáctkou špičkových českých lékařů /
|c Irena Žantovská, Petr Žantovský
|
| 260 |
|
|
|a Řitka :
|b Čas,
|c 2012
|
| 300 |
|
|
|a 301 s. :
|b portréty ;
|c 22 cm
|
| 648 |
|
7 |
|a 20.-21. století
|7 ch462155
|2 czenas
|
| 650 |
0 |
7 |
|a lékaři
|7 ph122495
|z Česko
|y 20.-21. století
|2 czenas
|
| 650 |
0 |
7 |
|a zdraví a nemoc
|7 ph158519
|2 czenas
|
| 650 |
0 |
7 |
|a péče o zdraví
|7 ph124852
|2 czenas
|
| 650 |
0 |
7 |
|a zdravotnictví
|7 ph127574
|z Česko
|2 czenas
|
| 650 |
0 |
9 |
|a physicians
|z Czechia
|y 20th-21st centuries
|2 eczenas
|
| 650 |
0 |
9 |
|a health and disease
|2 eczenas
|
| 650 |
0 |
9 |
|a health care
|2 eczenas
|
| 650 |
0 |
9 |
|a health service
|z Czechia
|2 eczenas
|
| 655 |
|
7 |
|a rozhovory
|7 fd133303
|2 czenas
|
| 655 |
|
9 |
|a interviews
|2 eczenas
|
| 700 |
1 |
|
|a Žantovský, Petr,
|d 1962-
|7 jn20000402963
|4 aut
|4 ivr
|
| 856 |
4 |
1 |
|u http://www.digitalniknihovna.cz/mzk/uuid/uuid:fe214980-de3a-11e2-9923-005056827e52
|y Digitalizovaný dokument
|x NDK
|
| 910 |
2 |
|
|a BOA001
|b 2-1316.572
|
| 990 |
|
|
|a BK
|
| 995 |
|
|
|a 01
|
| 991 |
|
|
|b 201402
|c NOV
|e n
|
| 996 |
6 |
|
|b 2610576572
|c 2-1316.572
|l MZK
|r Sklad / do 1 hodiny
|n 0
|p p.v.
|w 001393824
|u 000010
|a 1
|e BOA001
|j MZK50
|s P
|